000 00347pam a2200133 a 4500
020 _c
041 _h
082 _a304.60000000000002
_bSAL
100 _aSalkar, K.R.
245 _aPopulaton Education For Developing Countries
_hTextual Documents
260 _aNew Delhi
_bSterling Publishers Private Limited
300 _a224/CB
930 _a2022
999 _c108855
_d108855